000 00446nam a2200145Ia 4500
008 210210b2002 xxu||||| |||| 00| 0 eng d
020 _a009188463 2
082 _a158.1 HANO
100 _aHANSEN (Mark Victor) and ALLEN (Robert G).
245 _aOne minute millionaire: the story that transforms your life and makes you rich.
260 _aLondon
_bVermilion.,
_c2002
300 _axxviii,388
690 _aApplied Psychology
906 _a059140
999 _c106341
_d106341